000 00541nam a2200169 a 4500
005 20231023122016.0
008 991125s1960 mx 000 0 spa u
035 _aUPN01000010933
049 _aF
050 4 _aDD61
_bC6.6
245 0 1 _a¿Conoce usted la R. D. A.?.
260 _aBerlín :
_bVerlog,
_c[196?].
300 _a48 p. :
_bil. (algunas col.)
651 4 _aAlemania (Republica Democrática, 1949-1990)
_xHistoria
_91798
651 4 _aALEMANIA (REPUBLICA DEMOCRATICA, 1949-1990) -
_xVIDA SOCIAL Y COSTUMBRES
_91811
905 _aLibro
999 _c10933
_d10933